Statistiques concernant Focus sur: Celeborn - Tolkien

Cliquez ici pour prendre le quiz!

Statistiques générales

  • Ce quiz a été pris 14 fois
  • Le résultat moyen est 9 sur 16

Statistiques - réponses

Informations recherchéesRéponses% Correct
EspèceElfe
100%
Première apparitionLe Seigneur des Anneaux: La Communauté de l'Anneau
100%
Ages durant lesquels il vécutPremier/Deuxième/Troisième
100%
EpousGaladriel
92%
Lothlórien
92%
Profession et titreSeigneur de Lórien
92%
Groupe de l'espèceSindar
77%
Couleur des cheveuxArgenté
62%
FilleCelebrían
38%
Contrées et royaumesDoriath
38%
CitésMenegroth
38%
Caras Galadhon
23%
Acteur l'interprétant dans les filmsMarton Csokas
23%
Autre nomTeleporno
15%
PèreGaladhon
8%
FrèreGalathil
8%

Distribution des résultats

Percentile par nombre de réponses

% des personnes avec chaque résultat

Votre développement - résultats

Vous n’avez pas pris ce quiz